000 00460 a2200145 4500
005 20250627083647.0
020 _a978-0-7517-4816-1
082 _a650 CAT
111 _aCAT
245 _aIntroductory Paper 1 Recording Financial Transactions (International Stream): Practice and Revision Kit for Exams in 2008
250 _a5th Ed.
260 _aLondon,
_bBPP Learning Media Ltd ,
_c2008.
300 _axxviii, 100p.: ill.; picture,
_c29cm.
942 _2ddc
_cBKS
999 _c5553
_d5553